| Tag |
First Indicator |
Second Indicator |
Subfields |
| LEADER |
00000cam a2200000 4500 |
| 001 |
in00001908599 |
| 006 |
m | d | |
| 007 |
cr |n||||||||n |
| 008 |
851127s1740 enk|||| s 00||||eng d |
| 005 |
20260403172837.2 |
| 035 |
|
|
|a (CStRLIN)ESTCN21486
|
| 040 |
|
|
|a Cu-RivES
|c Cu-RivES
|d CStRLIN
|d Thomson Gale
|d UtOrBLW
|
| 100 |
1 |
|
|a Woodward, Josiah,
|d 1660-1712.
|
| 240 |
1 |
0 |
|a Rebuke to the odious sin of uncleanness
|
| 245 |
1 |
2 |
|a A rebuke to the sin of uncleanness :
|b By a minister of the Church of England.
|
| 264 |
|
3 |
|a London :
|b printed and sold by M. Downing,
|c 1740.
|
| 300 |
|
|
|a 23, 1 unnumbered page ;
|c 12⁰.
|
| 336 |
|
|
|a text
|b txt
|2 rdacontent
|
| 337 |
|
|
|a computer
|b c
|2 rdamedia
|
| 338 |
|
|
|a online resource
|b cr
|2 rdacarrier
|
| 500 |
|
|
|a A minister of the Church of England = Josiah Woodward.
|
| 500 |
|
|
|a Reproduction of original from the William Andrews Clark Memorial Library (UCLA).
|
| 510 |
4 |
|
|a English Short Title Catalog,
|c ESTCN21486.
|
| 533 |
|
|
|a Electronic reproduction.
|b Farmington Hills, Mich. :
|c Thomson Gale,
|d 2003.
|n Available via the World Wide Web.
|n Access limited by licensing agreements
|7 s2003 miunns
|
| 500 |
|
|
|a Electronic resource.
|
| 830 |
|
0 |
|a Eighteenth century collections online.
|
| 856 |
4 |
0 |
|u http://proxy.library.tamu.edu/login?url=https://galenet.galegroup.com/servlet/ECCO?c=1&stp=Author&ste=11&af=BN&ae=N021486&tiPG=1&dd=0&dc=flc&docNum=CW121698022&vrsn=1.0&srchtp=a&d4=0.33&n=10&SU=0LRF&locID=txshracd2898
|z Full text online
|t 0
|
| 999 |
|
|
|a MARS
|
| 999 |
f |
f |
|s d881ff92-a52b-3825-81b8-e58b465c9136
|i c80387ea-1b3f-3f7c-a20d-9c634cd19aa1
|t 0
|
| 952 |
f |
f |
|a Texas A&M University
|b College Station
|c Electronic Resources
|s www_evans
|d Available Online
|t 0
|h No information provided
|
| 998 |
f |
f |
|t 0
|l Available Online
|